| 000 | 00594nam a2200193 a 4500 | ||
|---|---|---|---|
| 001 | 000045087 | ||
| 005 | 20201002045852.0 | ||
| 008 | 150202s1971 sp 000 0 spa d | ||
| 040 |
_aDO-SdBNP _bspa _cBNPHU |
||
| 082 |
_axxxx _bxxxx |
||
| 100 | 1 |
_aChauchard, Paul _949394 |
|
| 240 | 1 | 0 | _aHypnose et suggestion. |
| 245 | 1 | 0 |
_aHipnosis y sugestión / _cPaul Chauchard. |
| 260 |
_aBarcelona : _bOikos-tau, _c1971. |
||
| 300 |
_a126 p. ; _c18 cm. |
||
| 490 | 1 |
_a¿Qué sé? _v31 |
|
| 500 | _aIncluye referencias bibliográficas y notas al pie de las páginas | ||
| 830 | 0 |
_a¿Qué sé? ; _n31 _973104 |
|
| 999 |
_c44576 _d44576 |
||